Протокол № 604 заседания Малого Совета Народных Комиссаров от 15 декабря 1920 г. и материалы к §§ 1, 2, 4, 6, 7, 8, 9, 10, 12, 1...

Доступно только в Электронных читальных залах Найти на картеНа карте
RUSMARC
00004306nac2a22002891x 450
001ce2d8d3c-d027-46ac-af1d-9b521a096578
00520160406004216.0
100##$a20151228l1920 k y0rusy50 ca
1010#$arus
102##$aRU
105##$ay z |||||
1220#$ad19201215
2001#$aПротокол № 604 заседания Малого Совета Народных Комиссаров от 15 декабря 1920 г. и материалы к §§ 1, 2, 4, 6, 7, 8, 9, 10, 12, 16 и 20 протокола. (Копии). Материалы к § 5 см. протокол 607, § 3. Материалы к § 15 см. протокол 605, § 1
$j15 декабря 1920
215##$a261 лист
251##$cДело
300##$aЗаголовок дела на папке: Протокол № 604 заседания МСНК от 15 декабря 1920 г. и материалы к §§ 1, 2, 4, 6, 7, 8, 9, 10, 12, 16 и 20
300##$aЛисты: 19, 30, 34, 185, 194, 195, 233, 237 - малоконтрастные и трудночитаемые; 167 - поврежденный; 36, 40, 58, 59, 65, 66, 76, 186, 215а - красные чернила
300##$aРукописный и машинописный текст
324##$aВ деле имеются копии отдельных документов
330##$aВходит в раздел описи: I. Секретариат. 1. Протоколы. б/ Протоколы Малого Совета Народных Комиссаров
461#0$1001ad6baeac-e292-4829-90d1-2f4f65796a62
$12001
$aСОВЕТ НАРОДНЫХ КОМИССАРОВ РСФСР (СНК РСФСР)
$1251
$cФонд
$1852
$j130
$gР
462#0$10017393eac8-aea5-4181-b014-0a5beab45138
$12001
$a1920 г.
$vД. 147
$1251
$cОпись
$1852
$j4
5171#$aПротокол № 604 заседания МСНК от 15 декабря 1920 г. и материалы к §§ 1, 2, 4, 6, 7, 8, 9, 10, 12, 16 и 20
60101$3RU\NLR\AUTH\661074810
$aРСФСР
$bСовет Народных Комиссаров
801#0$aRU
$bGA_RF
801#1$aRU
$bНПО Опыт
$c20151228
$2rusmarc
801#2$aRU
$bПБ им. Б.Н. Ельцина
$c20160406
$gRCR
$2rusmarc
852##$aГА РФ
$j147
937##$d70262160
$hПБ
035##$aRuPRLIB51035337
Формат отображения